000 00795nam a22001817a 4500
003 UA-OsUOA
001 17809
007 ta
008 20040326b un ||||| |||| 00| 0 ukr d
100 _aНікітіна Н.
942 _cSA
040 _aUA-OsUOA
_cUA-OsUOA
_dUA-OsUOA
245 _aЛітопис історії Рівненщини
_b[Про бібліогр. покажчик "Література до знаменних і пам"ятних дат Рівненщини " , який готує сектор краєзн. літератури і бібліографії Рівнен. держ. обл. б-ки]
300 _aС.4
955 _a0
773 0 _w0
_tВісті Рівненщини
_dРівне
_d2004
_g№25/17 берез./
650 7 _aКраєзнавча робота
_2UDC
999 _c303977
_d303977